00518nam a2200157 a 4500008004100000020001800041050001600059100001700075245007200092250001600164260001800180300002900198500009500227650002300322700001500345210303s2014 ||||||||||||||||| || u a9785883371096 aPG 2900 Bon aBondar, N.I 10aHow do I ask? how do I say it? (3rd edition)cN.I Bondar; S.A Lutin a3rd edition aMoscowc2014  a256 pages: illustrations aA book for improvement of speech for those studying Russian language as a foreign language aRUSSIAN LITERATURE aLutin, S.A